00797naa#a2200193#i#4500001002000000005001700020011001400037100004100051102000700092200013800099210008300237215001000320608004500330675005400375700005400429700005400483700005200537856001400589RU\NORMA\bibl\4919820260511135822.1##a1991-3222##a20220314b2022####ek#y0rusy0150####ca##aRU1#aПравовые режимы охоты в России, Беларуси и КазахстанеeЖурнальная статья1#aМоскваcЮридическое издательство Нормаd2022##a0 с.##aЖурнальная статья2local##aПраво. Юридические науки. 34#1aГороховgДмитрий Борисович#1aМукашеваgАнар Абайхановна#1aШингельgНаталия Адамовна4#azh-szf.ru